Statistics for 2004 Russian Presidential Election Candidates

Click here to take the quiz!

General Stats

  • This quiz has been taken 6 times
  • The average score is 1 of 6

Answer Stats

PartyCandidate% Correct
IndependentVladimir Putin
100%
IndependentIrina Khakamada
17%
CommunistNikolay Kharitonov
0%
Liberal DemocraticOleg Malyshkin
0%
IndependentSergey Glazyev
0%
Russian Party of LifeSergey Mironov
0%

Score Distribution

Percentile by Number Answered

Percent of People with Each Score

Your Score History

You have not taken this quiz